| 000 | 02397cam a22003734a 4500 | ||
|---|---|---|---|
| 001 | 15542798 | ||
| 005 | 20081203134205.0 | ||
| 008 | 081203s2009 njua 001 0 eng | ||
| 010 | _a2008279239 | ||
| 020 | _a9789810680077(hbk.) | ||
| 020 | _a9810680074(hbk.) | ||
| 040 |
_aDLC _cDLC |
||
| 050 | 0 | 0 |
_aTA645 _b.H47 2009 |
| 082 |
_222 _a624.171 _bHIB |
||
| 100 | 1 |
_aHibbeler, R. C. _99075 |
|
| 245 | 1 | 0 |
_aStructural Analysis / _cR.C. Hibbeler. |
| 250 | _a7th ed. | ||
| 260 |
_aSingapore : _bPearson/Prentice Hall, _cc2009. |
||
| 300 |
_axv, 667 p. : _bill. ; _c24 cm. |
||
| 500 | _aIncludes index. | ||
| 650 | 0 |
_aStructural analysis (Engineering) _99076 |
|
| 942 |
_2ddc _cBB |
||
| 999 |
_c12835 _d12835 |
||